000 00961nam0a2200265 4500
001 RU\NLR\bibl\1722581
005 20250616072724.0
021 _aRU
_b2010-97089
_96553
035 _a(NLR Aleph) 001713565
090 _a1295294
_c1295294
100 _a20110114d2011 |||y0rusy50 ca
101 0 _arus
102 _aRU
105 _ay |||||||||
200 1 _aГрамматика английского языка: проверочные работы к учебнику И.Н. Верещагиной, О.В. Афанасьевой "English IV" 4 класс
205 _a10-е изд., перераб. и доп.
210 _aМосква
_cЭкзамен
_d2011
215 _d24
225 1 _aУМК
700 1 _aБарашкова
_bЕ. А.
_4070
801 0 _aRU
_bNLR
_c20110114
_gRCR
801 1 _aRU
_bNLR
_c20110114
942 _cBOOK
980 _aNB